Mammals by Picture #3 - Statistics

General Stats
  • This quiz has been taken 62,286 times
  • The average score is 12 of 18
Answer Stats
Picture Answer % Correct
Koala
99%
Gorilla
97%
Rhinoceros
96%
Moose
91%
Skunk
89%
Lynx
85%
Arctic fox
79%
Meerkat
79%
Chipmunk
76%
Weasel
76%
African buffalo
74%
Capybara
69%
Tapir
48%
Chinchilla
47%
Wombat
44%
Echidna
38%
Pangolin
38%
Muskox
22%
No matching quizzes found
Score Distribution
Percent of People with Each Score
Percentile by Number Answered
Your Score History
You have not taken this quiz